00277nam a22000737a 4500008004100000040005500041245007500096260003200171230620b |||||||| |||| 00| 0 eng d aNational Science LibrarycNational Science Library aAnnual research report the civil engineering laboratries for 1964-1967 bUniversity of roorkeec1965